Score 0/16 Timer 05:00
0 Plays Today
% Correct
Washington
93%
York
91.7%
Cumberland
88.8%
Waldo
87.8%
Aroostook
87.3%
Franklin
86.9%
Penobscot
86.4%
Lincoln
85.2%
% Correct
Oxford
84.6%
Androscoggin
83.2%
Knox
83%
Kennebec
82.7%
Somerset
80.6%
Hancock
79.1%
Sagadahoc
78.4%
Piscataquis
78.4%
Remove Ads.
Support Sporcle.
Get the best of Sporcle when you Go Orange. This ad-free experience offers more features, more stats, and more fun while also helping to support Sporcle. Thank you for becoming a member.

You're not logged in!

Compare scores with friends on all Sporcle quizzes.
OR
Log In

Show Comments

Extras

Created Oct 9, 2009ReportNominate
Tags:counties, maine

Top Quizzes Today


Score Distribution

Your Account Isn't Verified!

In order to create a playlist on Sporcle, you need to verify the email address you used during registration. Go to your Sporcle Settings to finish the process.

Report this User

Report this user for behavior that violates our Community Guidelines.

Details: